Normal view MARC view
  • Patán, Federico,

Entry Nombre Personal

Number of records used in: 2

001 - NUMERO DE CONTROL

  • campo de control: 44284

003 - IDENTIFICADOR DE NUMERO DE CONTROL

  • campo de control: DLC

005 - FECHA Y HORA DE LA ÜLTIMA TRANSACCIÓN

  • campo de control: 20220509152515.0

008 - DATOS DE LONGITUD FIJA

  • campo de control de longitud fija: 220509n| azannaabn |a aaa

010 ## - NÚMERO DE CONTROL DE LA BIBLIOTECA DEL CONGRESO

  • Número de control LC: n 84014540

035 ## - NUMERO DE CONTROL

  • Número de control: (OCoLC)oca01199040

035 ## - NUMERO DE CONTROL

  • Número de control: (CaEvSKY)skya2174490

040 ## - FUENTE DE CATALOGACIÓN

  • Agencia original de catalogación: DLC
  • Lenguaje de catalogación: spa
  • Description conventions: rda
  • Agencia de transcripción: DLC
  • Agencia que lo modifica: DLC
  • Agencia que lo modifica: NmU
  • Agencia que lo modifica: OCoLC
  • Agencia que lo modifica: DLC
  • Agencia que lo modifica: UPB
  • Agencia que lo modifica: IEN
  • Agencia que lo modifica: MX-MxCID
  • Agencia que lo modifica: MX-MxUPN

046 ## - FECHAS CON CODIFICACIÓN ESPECIAL

  • Fecha de nacimiento: 1937

053 #0 - NÚMERO DE CLASIFICACIÓN LC

  • Número de clasificación elemento-número único o número inicial de tramo: PQ7298.26.A85

100 1# - ENCABEZAMIENTO - NOMBRE PERSONAL

  • Nombre personal: Patán, Federico,
  • Fechas asociadas con el nombre: 1937-

370 ## - LUGAR ASOCIADO

  • Place of birth: Asturias (España)
  • Fuente del término: naf

370 ## - LUGAR ASOCIADO

  • Place of residence/headquarters: México
  • Fuente del término: naf
  • Start period: 1939

372 ## - CAMPO DE ACTIVIDAD

  • Field of activity: Literatura inglesa
  • Field of activity: Idioma inglés
  • Fuente del término: lcsh

373 ## - GRUPO ASOCIADO

  • Associated group: Universidad Nacional Autónoma de México. Facultad de Filosofía y Letras
  • Fuente del término: naf

374 ## - OCUPACIÓN

  • Occupation: Editor
  • Occupation: Autor
  • Occupation: Ensayista
  • Fuente del término: lcsh

374 ## - OCUPACIÓN

  • Occupation: Profesor universitario
  • Occupation: Investigador

374 ## - OCUPACIÓN

  • Occupation: Novelista
  • Occupation: Poeta
  • Occupation: Traductor
  • Occupation: Crítico literario

375 ## - GÉNERO

  • Gender: masculino
  • Fuente del término: lcdgt

377 ## - LENGUA ASOCIADA

  • Language code: spa

378 ## - FORMA COMPLETA DE NOMBRE PERSONAL

  • Fuller form of personal name: Patán López

400 1# - VEÁSE - NOMBRE DE PERSONA

  • Personal name: Patán López, Federico,
  • Dates associated with a name: 1937-

400 1# - VEÁSE - NOMBRE DE PERSONA

  • Personal name: López, Federico Patán,
  • Dates associated with a name: 1937-

670 ## - FUENTE EN LA QUE SE LOCALIZARON DATOS

  • Cita de la fuente: Literatura e inseguridad, 1982:
  • Información localizada: portada (Federico Patán)

670 ## - FUENTE EN LA QUE SE LOCALIZARON DATOS

  • Cita de la fuente: LC data base, 9-25-84
  • Información localizada: (hdg.: Patán, Federico)

670 ## - FUENTE EN LA QUE SE LOCALIZARON DATOS

  • Cita de la fuente: La piel lejana, 1998:
  • Información localizada: portada (Federico Patán) solapa de la cubierta delantera (n. Asturias, Spain, 1937; moved to Mexico, 1939)

670 ## - FUENTE EN LA QUE SE LOCALIZARON DATOS

  • Cita de la fuente: Manual de conceptos de formas arquitectónicas, 1990:
  • Información localizada: reverso de la portada (tr. Federico Patán López)

670 ## - FUENTE EN LA QUE SE LOCALIZARON DATOS

  • Cita de la fuente: Dicc. de escritores mexicanos siglo XX, 1988-2008:
  • Información localizada: t.6, página 307 (Patán, Federico, 1937. Nació en Guijón, Asturias, España, el 16 de septiembre. Llegó a México después de la guerra civil española) (Federico Patán López, novelista, poeta, traductor y crítico literario)

902 ## - CATALOGADOR

  • Catalogador: NDAF/220509